| 000 | 00532nam a22001817a 4500 | ||
|---|---|---|---|
| 008 | 150617b xxu||||| |||| 00| 0 eng d | ||
| 020 | _a9789814343169 | ||
| 020 | _a9814343161 | ||
| 041 | 0 | _aeng | |
| 080 | _a658.4 | ||
| 245 | 0 | 0 |
_aNegotiation excellence : _ceditor, Michael Benoliel. |
| 260 |
_aHackensack, NJ : _bWorld Scientific, _c2011. |
||
| 300 |
_a479 f.: _bme il.; _c24 cm. |
||
| 505 | _aReferences: f. 417-469 | ||
| 505 | _aIndex: f. 473-479 | ||
| 650 | 0 | _aNegocimi në biznes | |
| 942 |
_2udc _cBK |
||
| 999 |
_c1053 _d1053 |
||